书目信息 |
| 题名: |
电动汽车设计与制造基础
|
|
| 作者: | 雷特曼 , 布兰特 著 ;王文伟 , 周小琳 译 | |
| 分册: | ||
| 出版信息: | 北京 机械工业出版社 2020.3 |
|
| 页数: | 20,349页 | |
| 开本: | 24cm | |
| 丛书名: | 新能源汽车研究与开发丛书 | |
| 单 册: | ||
| 中图分类: | U469.72 | |
| 科图分类: | ||
| 主题词: | 电动汽车--研究 | |
| 电子资源: | ||
| ISBN: | 978-7-111-52173-0 | |
| 000 | 01668nam0 2200397 45 | |
| 001 | 012001002903 | |
| 005 | 20141010112345.0 | |
| 010 | @a978-7-111-52173-0@dCNY128.00 | |
| 090 | @aU469.7@bltm | |
| 096 | @aU469@bltm | |
| 100 | @a20160308d2016 em y0chiy50 ea | |
| 101 | 1 | @achi@ceng |
| 102 | @aCN@b110000 | |
| 105 | @aa z 000yy | |
| 106 | @ar | |
| 200 | 1 | @a电动汽车设计与制造基础@Adian dong qi che she ji yu zhi zao ji chu@e如何打造你自己的电动汽车@e原书第3版@f(美)赛斯·莱特曼(Seth Leitman),(美)鲍勃·布兰特(Bob Brant)著@g王文伟,周小琳译 |
| 210 | @a北京@c机械工业出版社@d2020.3 | |
| 215 | @a20,349页@c图@d24cm | |
| 225 | 1 | @a新能源汽车研究与开发丛书 |
| 300 | @a并列题名:Build your own electric vehicle | |
| 300 | @a其他题名:如何打造你自己的电动汽车 | |
| 305 | @a中文简体字版由麦格劳-希尔(亚洲)教育出版公司与机械工鞋出版社合作出版 | |
| 306 | @a本书限中国大陆发行 | |
| 312 | @a封面英文题名:Build your own electric vehicle | |
| 330 | @a本书共十一章,内容包括今天为什么要发展电动汽车、电动汽车既节能又环保、电动汽车发展史、给你最好的电动汽车、底盘与设计、电动机、控制器等,书末附有本书常用计量单位换算表。 | |
| 461 | 0 | @12001 @a新能源汽车研究与开发丛书 |
| 510 | 1 | @aBuild your own electric vehicle@zeng |
| 517 | 1 | @a如何打造你自己的电动汽车@Aru he da zao ni zi ji de dian dong qi che |
| 606 | 0 | @a电动汽车@x研究 |
| 690 | @aU469.72@v5 | |
| 701 | 0 | @c(美)@a雷特曼@Alei te man@c(Leitman, Seth)@4著 |
| 701 | 0 | @c(美)@a布兰特@Abu lan te@c(Brant, Bob)@4著 |
| 702 | 0 | @a王文伟@Awang wen wei@c(汽车)@4译 |
| 702 | 0 | @a周小琳@Azhou xiao lin@c(汽车)@4译 |
| 801 | 2 | @aCN@bBJSDL@c20211018 |
| 905 | @b1350766-9@dU469.72@e1103@f4 | |
| 电动汽车设计与制造基础:如何打造你自己的电动汽车:原书第3版/(美)赛斯·莱特曼(Seth Leitman),(美)鲍勃·布兰特(Bob Brant)著/王文伟,周小琳译.-北京:机械工业出版社,2020.3 |
| 20,349页:图;24cm.-(新能源汽车研究与开发丛书) |
| 并列题名:Build your own electric vehicle.-其他题名:如何打造你自己的电动汽车 |
| ISBN 978-7-111-52173-0:CNY128.00 |
| 本书共十一章,内容包括今天为什么要发展电动汽车、电动汽车既节能又环保、电动汽车发展史、给你最好的电动汽车、底盘与设计、电动机、控制器等,书末附有本书常用计量单位换算表。 |
| ● |
| 相关链接 |
|
|
|
|
正题名:电动汽车设计与制造基础
索取号:U469.72/1103
 
预约/预借
| 序号 | 登录号 | 条形码 | 馆藏地/架位号 | 状态 | 备注 |
| 1 | 1350766 | 213507668 | 第二样本阅览室/ [索取号:U469.72/1103] | 在馆 | |
| 2 | 1350767 | 213507677 | 第三借阅区/ [索取号:U469.72/1103] | 在馆 | |
| 3 | 1350768 | 213507686 | 第三借阅区/ [索取号:U469.72/1103] | 在馆 | |
| 4 | 1350769 | 213507695 | 第三借阅区/ [索取号:U469.72/1103] | 在馆 |